[Event "Titled Tuesday intern op 08th Aug Early"]
[Site "Chess.com INT"]
[Date "2023.08.08"]
[Round "3"]
[White "Levine, Jack E"]
[Black "Lamaze, Simon"]
[Result "0-1"]
[WhiteElo "1889"]
[BlackElo "2410"]
[PlyCount "92"]
[EventDate "2023.08.08"]
[EventType "swiss (blitz)"]
[EventRounds "11"]
[EventCountry "USA"]
[SourceTitle "EXT 2024"]
[Source "ChessBase"]
[SourceDate "2023.10.10"]
[SourceVersion "1"]
[SourceVersionDate "2023.10.10"]
[SourceQuality "1"]

1. e4 c6 2. d4 d5 3. Nc3 dxe4 4. Nxe4 Nf6 5. Nxf6+ exf6 6. c3 Bd6 7. Qc2 0-0 8. Bd3 Re8+ 9. Be3 h5 10. 0-0-0 Nd7 11. h3 h4 12. Ne2 Nf8 13. Kb1 Be6 14. c4 Rc8 15. Nc3 Bb4 16. a3 Bxc3 17. Qxc3 b5 18. d5 cxd5 19. c5 Qd7 20. Qd4 Bf5 21. Ka1 Bxd3 22. Rxd3 Qf5 23. Qxd5 Re5 24. Qb3 Ne6 25. Qxb5 Nxc5 26. Bxc5 Rexc5 27. Qb3 Qxf2 28. Ka2 Qxg2 29. Rhd1 R5c7 30. Rd8+ Kh7 31. Rxc8 Rxc8 32. Qxf7 Qxh3 33. Rd7 Qg4 34. Rxa7 Qc4+ 35. Qxc4 Rxc4 36. Kb3 h3 37. Re7 Rh4 38. Re1 g5 39. a4 h2 40. Rh1 g4 41. a5 g3 42. a6 g2 43. Rxh2 Rxh2 44. a7 g1Q 45. a8Q Qg8+ 46. Qxg8+ Kxg8 0-1

[Event "Titled Tuesday intern op 01st Aug Early"]
[Site "Chess.com INT"]
[Date "2023.08.01"]
[Round "3"]
[White "Levine, Jack E"]
[Black "Ardelean, George Catalin"]
[Result "0-1"]
[WhiteElo "1889"]
[BlackElo "2447"]
[PlyCount "105"]
[EventDate "2023.08.01"]
[EventType "swiss (blitz)"]
[EventRounds "11"]
[EventCountry "USA"]
[SourceTitle "EXT 2024"]
[Source "ChessBase"]
[SourceDate "2023.10.10"]
[SourceVersion "1"]
[SourceVersionDate "2023.10.10"]
[SourceQuality "1"]

1. e4 c5 2. Nf3 Nc6 3. Bb5 g6 4. 0-0 Bg7 5. Re1 e5 6. c3 Nge7 7. d3 0-0 8. Be3 d6 9. Bxc6 Nxc6 10. d4 exd4 11. cxd4 Bg4 12. Nbd2 cxd4 13. Bf4 Re8 14. h3 Be6 15. Nb3 d3 16. Qxd3 Bxb2 17. Rab1 Ne5 18. Qd1 Nxf3+ 19. Qxf3 Be5 20. Be3 Qf6 21. Qxf6 Bxf6 22. Red1 Red8 23. Na5 b6 24. Nb7 Rd7 25. Nxd6 Bxa2 26. Rbc1 Rad8 27. Bf4 Bb3 28. Rd3 Be6 29. e5 Be7 30. Rdc3 f6 31. Ne4 fxe5 32. Bxe5 Rd1+ 33. Rxd1 Rxd1+ 34. Kh2 Re1 35. Re3 Rxe3 36. fxe3 Kf7 37. Nd6+ Bxd6 38. Bxd6 Bd5 39. Kg3 Ke6 40. Bb8 Kd7 41. Bxa7 Kc7 42. Kh4 Bxg2 43. Kg4 Kb7 44. Bxb6 Kxb6 45. h4 h5+ 46. Kg5 Be4 47. Kf4 Bc2 48. e4 Kc5 49. Ke5 Kc4 50. Kf4 Kd4 51. Kg5 Bxe4 52. Kh6 Ke3 53. Kg5 0-1

[Event "Wch U10"]
[Site "Pocos de Caldas"]
[Date "2017.08.28"]
[Round "7"]
[White "Levine, Jack E"]
[Black "Chen, Jonathan"]
[Result "1-0"]
[WhiteElo "1845"]
[BlackElo "1560"]
[PlyCount "87"]
[EventDate "2017.08.22"]
[EventType "swiss"]
[EventRounds "11"]
[EventCountry "BRA"]
[SourceTitle "CBM 180 Extra"]
[Source "ChessBase"]
[SourceDate "2017.10.06"]
[SourceVersion "1"]
[SourceVersionDate "2017.10.06"]
[SourceQuality "1"]

1. e4 e5 2. Nf3 Nc6 3. Nc3 Nf6 4. Bb5 Bb4 5. 0-0 0-0 6. d3 d6 7. Ne2 Ne7 8. c3 Ba5 9. Ng3 c6 10. Ba4 Bb6 11. d4 Ng6 12. Be3 Bg4 13. h3 Bxf3 14. Qxf3 exd4 15. cxd4 d5 16. e5 Nd7 17. Qg4 Bc7 18. f4 Nb6 19. Bb3 Qh4 20. Qf3 f5 21. Bc2 Ne7 22. Nh5 Ng6 23. Bf2 Qd8 24. g4 Nc4 25. gxf5 Nd2 26. Qg4 Nxf1 27. fxg6 h6 28. Rxf1 Qe7 29. Be3 Bb6 30. f5 Rf6 31. Rf3 Qb4 32. exf6 Qe1+ 33. Kh2 Qe2+ 34. Qg2 Bc7+ 35. Bf4 Bxf4+ 36. Nxf4 Qb5 37. Re3 c5 38. f7+ Kh8 39. f6 Qd7 40. Nh5 Rg8 41. Re8 Qd6+ 42. Kh1 Qf8 43. Rxf8 Rxf8 44. fxg7# 1-0

[Event "Wch U10"]
[Site "Pocos de Caldas"]
[Date "2017.08.28"]
[Round "8"]
[White "Zhong, Kevin"]
[Black "Levine, Jack E"]
[Result "1/2-1/2"]
[WhiteElo "1629"]
[BlackElo "1845"]
[PlyCount "99"]
[EventDate "2017.08.22"]
[EventType "swiss"]
[EventRounds "11"]
[EventCountry "BRA"]
[SourceTitle "CBM 180 Extra"]
[Source "ChessBase"]
[SourceDate "2017.10.06"]
[SourceVersion "1"]
[SourceVersionDate "2017.10.06"]
[SourceQuality "1"]

1. e4 e5 2. Nf3 d6 3. d4 exd4 4. Nxd4 Nf6 5. Nc3 Be7 6. g3 0-0 7. Bg2 c6 8. 0-0 Re8 9. h3 Qc7 10. Re1 a5 11. a4 Na6 12. f4 Bf8 13. Be3 Nc5 14. Bf2 g6 15. Nb3 Nxb3 16. cxb3 Bg7 17. Qc2 Nd7 18. Rad1 Qb8 19. Nb1 Nf8 20. Na3 Nd7 21. Qd2 Bf8 22. Nc4 Nc5 23. Nxa5 Qc7 24. Bxc5 dxc5 25. Nc4 Be6 26. Qc3 b5 27. axb5 cxb5 28. Ne3 Bg7 29. e5 Rac8 30. Nd5 Qb8 31. g4 Kh8 32. Qc2 g5 33. fxg5 Bxd5 34. Rxd5 Rxe5 35. Rdxe5 Bxe5 36. Qf5 Bd4+ 37. Kh1 Re8 38. Be4 Rxe4 39. Rxe4 Qg3 40. Rxd4 Qxh3+ 41. Kg1 cxd4 42. Qf6+ Kg8 43. Qd8+ Kg7 44. Qxd4+ Kg8 45. Qd8+ Kg7 46. Qf6+ Kg8 47. Qd8+ Kg7 48. Qf6+ Kg8 49. Qd8+ Kg7 50. Qf6+ 1/2-1/2

[Event "Wch U10"]
[Site "Pocos de Caldas"]
[Date "2017.08.24"]
[Round "4"]
[White "Levine, Jack E"]
[Black "Prraneeth, Vuppala"]
[Result "1-0"]
[WhiteElo "1845"]
[BlackElo "1579"]
[PlyCount "107"]
[EventDate "2017.08.22"]
[EventType "swiss"]
[EventRounds "11"]
[EventCountry "BRA"]
[SourceTitle "CBM 180 Extra"]
[Source "ChessBase"]
[SourceDate "2017.10.06"]
[SourceVersion "1"]
[SourceVersionDate "2017.10.06"]
[SourceQuality "1"]

1. e4 e5 2. Nf3 Nc6 3. Nc3 Nf6 4. Bb5 Bb4 5. d3 d6 6. h3 0-0 7. 0-0 Ne7 8. Bg5 Bxc3 9. bxc3 h6 10. Bxf6 gxf6 11. d4 Ng6 12. Kh2 Nf4 13. Ng1 a6 14. Bd3 Kh7 15. g3 Ng6 16. Qh5 Rg8 17. f4 Rg7 18. Rf2 c5 19. Raf1 Qe7 20. Qf3 cxd4 21. cxd4 Bd7 22. fxe5 fxe5 23. Qxf7 Qg5 24. Qf6 Qe3 25. Qxd6 Rag8 26. Bc4 Rc8 27. Rf7 Be8 28. Rxg7+ Kxg7 29. Qe6 Rxc4 30. Qxc4 Qxe4 31. Qc7+ Kg8 32. Qc4+ Kg7 33. Qd3 Qxd3 34. cxd3 exd4 35. Nf3 Bb5 36. Rd1 Ba4 37. Rb1 b5 38. Nxd4 Ne5 39. Ne6+ Kg6 40. Nc5 Bc2 41. Rc1 Bxd3 42. Nxd3 Nxd3 43. Rc6+ Kg7 44. Rxa6 b4 45. Rd6 Nc1 46. Rd2 Kf6 47. Kg2 Ke5 48. Kf3 b3 49. a4 Na2 50. a5 Nb4 51. Rb2 Nc6 52. Rxb3 Nd4+ 53. Kg2 Nxb3 54. a6 1-0

[Event "Wch U10"]
[Site "Pocos de Caldas"]
[Date "2017.08.23"]
[Round "2"]
[White "Levine, Jack E"]
[Black "Park, Evan"]
[Result "1/2-1/2"]
[WhiteElo "1845"]
[BlackElo "1599"]
[PlyCount "81"]
[EventDate "2017.08.22"]
[EventType "swiss"]
[EventRounds "11"]
[EventCountry "BRA"]
[SourceTitle "CBM 180 Extra"]
[Source "ChessBase"]
[SourceDate "2017.10.06"]
[SourceVersion "1"]
[SourceVersionDate "2017.10.06"]
[SourceQuality "1"]

1. e4 e5 2. Nf3 Nc6 3. Nc3 Nf6 4. Bb5 Bd6 5. 0-0 0-0 6. Re1 Re8 7. d3 h6 8. a3 Bf8 9. d4 exd4 10. Nxd4 Nxd4 11. Qxd4 c6 12. Bc4 d5 13. Bf1 c5 14. Qd3 Bf5 15. f3 dxe4 16. Nxe4 Nxe4 17. fxe4 Qb6 18. Qf3 Be6 19. c4 Rad8 20. b3 Rd4 21. Bb2 Rd2 22. Qc3 Red8 23. Bc1 Rd1 24. Be3 Rxa1 25. Rxa1 Qc7 26. e5 g6 27. Re1 Bg7 28. Bf2 Bf5 29. h3 Re8 30. Bg3 h5 31. h4 Re6 32. Re2 Bg4 33. Re3 Bf5 34. Re1 b6 35. Kh2 Kh7 36. Qb2 Qe7 37. Qc3 Qc7 38. Re2 Bg4 39. Re1 Bf5 40. Re2 Bg4 41. Re1 1/2-1/2